| 000 | 00633nam a22001937a 4500 | ||
|---|---|---|---|
| 005 | 20140908112808.0 | ||
| 010 | _aENG-110755 | ||
| 020 |
_a9788183876544 _c995.00 |
||
| 035 | _aEN-94287 | ||
| 037 | _bDBAD/PUB | ||
| 082 | _a305.420954 | ||
| 100 | _aRamachandra Rao, R. | ||
| 245 |
_aWomen empowerment through self help group / _cby R. Ramachandra Rao |
||
| 260 |
_aNew Delhi _bSerials Publications _c2014 |
||
| 270 |
_a4830/24, Prahlad Street, Ansari Road, Darya Ganj _bNew Delhi _e110002 |
||
| 300 |
_ax,252p. _c22cm(Hb) |
||
| 500 | _aIncludes bibliographical references | ||
| 942 |
_2ddc _cEN _h305.420954 _mRAM |
||
| 999 |
_c88335 _d88335 |
||